Vector analysis with applications (Record no. 5838)

000 -LEADER
fixed length control field 00528nam a22002051 4500
001 - CONTROL NUMBER
control field 5838
003 - CONTROL NUMBER IDENTIFIER
control field BD-DhUET
008 - FIXED-LENGTH DATA ELEMENTS--GENERAL INFORMATION
fixed length control field 861017s1932 enka 000 0 eng c
020 ## - INTERNATIONAL STANDARD BOOK NUMBER
International Standard Book Number 8122405487
040 ## - CATALOGING SOURCE
Original cataloging agency DLC/ICU
Transcribing agency CGU
Modifying agency BD-DhUET
082 0# - DEWEY DECIMAL CLASSIFICATION NUMBER
Classification number 516.83
Item number ALI/1993
100 ## - MAIN ENTRY--PERSONAL NAME
Personal name Ali Ashraf, Md.
245 10 - TITLE STATEMENT
Title Vector analysis with applications
250 ## - EDITION STATEMENT
Edition statement 3rd ed.
260 ## - PUBLICATION, DISTRIBUTION, ETC. (IMPRINT)
Place of publication, distribution, etc. New Delhi
Name of publisher, distributor, etc. Wiley Eastern
Date of publication, distribution, etc. 1993
300 ## - PHYSICAL DESCRIPTION
Extent xv,308p.
Other physical details ill.
Dimensions 23 cm.
504 ## - BIBLIOGRAPHY, ETC. NOTE
Bibliography, etc Includes bibliographies
650 #0 - SUBJECT ADDED ENTRY--TOPICAL TERM
Topical term or geographic name as entry element Vector analysis
942 ## - ADDED ENTRY ELEMENTS (KOHA)
Koha item type General Book
Holdings
Koha normalized classification for sorting Koha item type Koha out on loan Koha date last borrowed Koha date last seen Withdrawn status Koha issues (times borrowed) Price effective from Damaged status Shelving location Koha renewals Location (home branch) Source of classification or shelving scheme Date acquired Koha full call number Piece designation (barcode) Not for loan Sublocation or collection (holding branch) Copy number Lost status
516_830000000000000_ALI_1993General Book2022-12-272022-12-132022-12-13 32014-11-29 Circulation section Central Library, BUET 2014-11-29516.83/ALI/199387531 Central Library, BUET8 
516_830000000000000_ALI_1998General Book 2025-04-292025-05-13 132014-12-21 Circulation section1Central Library, BUET 2014-12-21516.83/ALI/199887528 Central Library, BUET2 
516_830000000000000_ALI_1998General Book  2016-04-02  2015-01-27 Circulation section Central Library, BUET 2015-01-27516.83/ALI/199887530 Central Library, BUET3 
516_830000000000000_ALI_1998General Book 2022-12-132025-11-30 62015-01-31 Circulation section Central Library, BUET 2015-01-31516.83/ALI/199848783 Central Library, BUET4 
516_830000000000000_ALI_1998General Book 2020-01-052020-11-03 52015-02-11 Circulation section Central Library, BUET 2015-02-11516.83/ALI/199894102 Central Library, BUET1 
516_830000000000000_ALI_1993General Book 2024-04-022025-11-18 82015-04-11 Circulation section Central Library, BUET 2015-04-11516.83/ALI/199387525 Central Library, BUET7 
516_830000000000000_ALI_1993General Book 2023-09-272025-11-29 62015-04-23 Circulation section Central Library, BUET 2015-04-23516.83/ALI/199387526 Central Library, BUET6 
516_830000000000000_ALI_1993General Book 2022-03-302022-05-25 22015-05-03 Circulation section Central Library, BUET 2015-05-03516.83/ALI/199387529 Central Library, BUET7 
516_830000000000000_ALI_1993Reading Item  2015-06-07  2015-06-07 Reading section Central Library, BUET 2015-06-07516.83/ALI/199387550 Central Library, BUET9 
516_830000000000000_ALI_1993Reading Item  2015-06-07  2015-06-07 Reading section Central Library, BUET 2015-06-07516.83/ALI/199392374 Central Library, BUET10 
516_830000000000000_ALI_1993Reading Item  2015-06-08  2015-06-08 Reading section Central Library, BUET 2015-06-08516.83/ALI/199394100 Central Library, BUET12 
516_830000000000000_ALI_1993Reading Item  2015-06-14  2015-06-14 Reading section Central Library, BUET 2015-06-14516.83/ALI/199387551 Central Library, BUET13 
516_830000000000000_ALI_1993General Book  2017-03-04  2015-09-02 Circulation section Central Library, BUET 2015-09-02516.83/ALI/199387527 Central Library, BUET14